Loading...
| Literature - European Literature | 0 | 3 | 0 | 0 | 30 | 92 | 102.33 | 3 | 3 |
| Literature - World Literature | 0 | 3 | 1 | 1 | 25 | 79 | 114.33 | 2 | 3 |
| Fine Arts - Painting & Sculpture | 0 | 2 | 0 | 0 | 20 | 95 | 104.00 | 1 | 2 |
| Social Science | 0 | 1 | 0 | 1 | 10 | 126 | 126.00 | 0 | 0 |
| History - European History | 0 | 1 | 0 | 0 | 10 | 44 | 44.00 | 1 | 1 |
| Literature - British Literature | 0 | 1 | 0 | 0 | 10 | 90 | 90.00 | 0 | 1 |
| Fine Arts - Other Fine Arts | 0 | 1 | 0 | 0 | 10 | 88 | 88.00 | 0 | 1 |
| Literature - American Literature | 0 | 1 | 1 | 0 | 5 | 53 | 53.00 | 1 | 1 |
| Other | 0 | 1 | 2 | 0 | 0 | 93 | 93.00 | 0 | 1 |
| Religion | 0 | 0 | 0 | 0 | 0 | 0.00 | 0 | 0 | |
| History - World History | 0 | 0 | 1 | 0 | -5 | 0.00 | 0 | 0 | |
| Science - Other Science | 0 | 0 | 1 | 0 | -5 | 0.00 | 0 | 0 |